MARC details
| 000 -LEADER |
| fixed length control field |
04254cam a2200457 i 4500 |
| 001 - CONTROL NUMBER |
| control field |
243390 |
| 003 - CONTROL NUMBER IDENTIFIER |
| control field |
GBCCL |
| 005 - DATE AND TIME OF LATEST TRANSACTION |
| control field |
20241126110647.0 |
| 008 - FIXED-LENGTH DATA ELEMENTS--GENERAL INFORMATION |
| fixed length control field |
130212s2013 ilua b 001 0 eng |
| 010 ## - |
| -- |
2013005881 |
| 020 ## - INTERNATIONAL STANDARD BOOK NUMBER |
| International Standard Book Number |
9780830828227 (paperback : acidfree paper) |
| 020 ## - INTERNATIONAL STANDARD BOOK NUMBER |
| International Standard Book Number |
0830828222 (paperback : acidfree paper) |
| 020 ## - INTERNATIONAL STANDARD BOOK NUMBER |
| International Standard Book Number |
9789383691319 |
| 035 ## - SYSTEM CONTROL NUMBER |
| System control number |
(OCoLC)ocn827694803 |
| 035 ## - SYSTEM CONTROL NUMBER |
| System control number |
(OCoLC)827694803 |
| Canceled/invalid control number |
(OCoLC)828037566 |
| 040 ## - CATALOGING SOURCE |
| Original cataloging agency |
DLC |
| Description conventions |
rda |
| Language of cataloging |
eng |
| Transcribing agency |
DLC |
| Modifying agency |
YDX |
| -- |
YDXCP |
| -- |
BTCTA |
| -- |
OCLCO |
| -- |
BDX |
| -- |
KTS |
| -- |
TLE |
| -- |
LBB |
| 042 ## - |
| -- |
pcc |
| 049 ## - |
| -- |
LBBK |
| 050 00 - |
| -- |
BV4012.2 |
| -- |
.A67 2013 |
| 082 00 - DEWEY DECIMAL CLASSIFICATION NUMBER |
| Classification number |
259 |
| Edition information |
23 |
| Item number |
TRA |
| 090 ## - LOCALLY ASSIGNED LC-TYPE CALL NUMBER (OCLC); LOCAL CALL NUMBER (RLIN) |
| Classification number (OCLC) (R) ; Classification number, CALL (RLIN) (NR) |
BV4012.2 |
| Local cutter number (OCLC) ; Book number/undivided call number, CALL (RLIN) |
.A67 2013 |
| 245 00 - TITLE STATEMENT |
| Title |
Transformative encounters : |
| Remainder of title |
the intervention of God in Christian counseling and pastoral care / |
| Statement of responsibility, etc. |
edited by David W. Appleby and George Ohlschlager. |
| 246 30 - |
| -- |
Intervention of God in Christian counseling and pastoral care |
| 260 ## - PUBLICATION, DISTRIBUTION, ETC. |
| Place of publication, distribution, etc. |
Secunderabad : |
| Name of publisher, distributor, etc. |
Authentic, |
| Date of publication, distribution, etc. |
[2014] |
| 300 ## - PHYSICAL DESCRIPTION |
| Extent |
388 pages : |
| Other physical details |
illustrations ; |
| Dimensions |
23 cm. |
| 336 ## - CONTENT TYPE |
| Content type term |
text |
| Content type code |
txt |
| Source |
rdacontent |
| 337 ## - MEDIA TYPE |
| Media type term |
unmediated |
| Media type code |
n |
| Source |
rdamedia |
| 338 ## - CARRIER TYPE |
| Carrier type term |
volume |
| Carrier type code |
nc |
| Source |
rdacarrier |
| 504 ## - BIBLIOGRAPHY, ETC. NOTE |
| Bibliography, etc. note |
Includes bibliographical references and index. |
| 505 00 - FORMATTED CONTENTS NOTE |
| Miscellaneous information |
Foreword: |
| Title |
Counseling and Psychotherapy on a New Foundation / |
| Statement of responsibility |
Eric L. Johnson -- |
| Miscellaneous information |
Introduction: |
| Title |
The Call to Transformational Living / |
| Statement of responsibility |
David W. Appleby & George Ohlschlager -- |
| Miscellaneous information |
Part 1: |
| Title |
Transformative Encounters Done in Church. -- |
| -- |
The Elijah House Model of Inner Healing / |
| Statement of responsibility |
Mark Sandford -- |
| Title |
Theophostic Prayer Ministry / |
| Statement of responsibility |
Ed Smith -- |
| Title |
Deliverance as Part of the Therapeutic Process / |
| Statement of responsibility |
David W. Appleby -- |
| Title |
Transformative Interventions in Biblical Counseling / |
| Statement of responsibility |
Edward T. Welch -- |
| 505 00 - FORMATTED CONTENTS NOTE |
| Miscellaneous information |
Part 2: |
| Title |
Transformative Paradigms for Church or Clinic. -- |
| -- |
Spiritually Oriented Cognitive Behavioral Therapy : A Christian Approach to Transforming People by the Way of Christ / |
| Statement of responsibility |
Siang-Yang Tan -- |
| Title |
Christian Holism : Offering the Holy Spirit the Tools of Our Trade / |
| Statement of responsibility |
Charles L. Zeiders, Douglas Schoeninger, Herman Riffel, Robin Caccese & Julie Wegryn -- |
| Title |
Contemplative Focused Prayer in Christian Counseling / |
| Statement of responsibility |
J. Mark Shadoan -- |
| Title |
God Is Present : The Concept of Christian Counseling at IGNIS, the German Association for Christian Psychology / |
| Statement of responsibility |
Werner May -- |
| Title |
Transformation Through Christian Emotion-Focused Therapy / |
| Statement of responsibility |
Lydia C.W. Kim-van Daalen & Eric L. Johnson -- |
| Title |
Facilitating and Building on the God Encounter in Formational Counseling / |
| Statement of responsibility |
Terry Wardle -- |
| Title |
The Healing Cycle : A Transformational Model for Group Work / |
| Statement of responsibility |
Jan Paul Hook & Joshua N. Hook -- |
| Title |
How God Comes Near and Transforms Us Through Forgiveness / |
| Statement of responsibility |
Everett L. Worthington Jr., Aubrey L. Gartner, David J. Jennings II, Chelsea L. Greer & Yin Lin -- |
| Title |
Praying the Scriptures Within Cognitive/Behavioral/Systems Therapy / |
| Statement of responsibility |
George Ohlschlager -- |
| 505 00 - FORMATTED CONTENTS NOTE |
| Miscellaneous information |
Part 3: |
| Title |
Transformative Interventions for Clinical Practice. -- |
| -- |
Christ-Centered Visualization and EMDR in Healing Trauma / |
| Statement of responsibility |
Arlys Norcross McDonald & Paula Johnston -- |
| Title |
The TRUTH Principle : Christian Cognitive-Behavioral Therapy for Depression and Anxiety / |
| Statement of responsibility |
Leslie Vernick -- |
| Title |
God's Intervention in Sex Addiction / |
| Statement of responsibility |
Mark R. Laaser -- |
| Title |
Human Nature Concerning Addiction Recovery Within Group Therapy / |
| Statement of responsibility |
Myke Williams Dorsey -- |
| Title |
The Power of Christ in Transforming Unwanted Homosexual Behavior and Attractions / |
| Statement of responsibility |
Julie Harren Hamilton & Philip J. Henry -- |
| Title |
Flourish in Life Coaching : Integrating Faith and the Science of Human Flourishing / |
| Statement of responsibility |
Catherine Hart Weber -- |
| 505 00 - FORMATTED CONTENTS NOTE |
| Miscellaneous information |
Part 4: |
| Title |
Toward Universal Transformational Practice. -- |
| -- |
Transformative Encounters : When God Steps In / |
| Statement of responsibility |
David W. Appleby -- |
| Title |
Toward a Universal Experiential Helping Model / |
| Statement of responsibility |
George Ohlschlager -- |
| Miscellaneous information |
Appendix: |
| Title |
Keeping Christ in Christian Counseling : Recent and Developing Threats Eroding Precious Rights to Religious Freedom and Client Self-Determination / |
| Statement of responsibility |
George Ohlschlager. |
| 650 #0 - SUBJECT ADDED ENTRY--TOPICAL TERM |
| Topical term or geographic name entry element |
Pastoral counseling. |
| 9 (RLIN) |
547 |
| 650 #0 - SUBJECT ADDED ENTRY--TOPICAL TERM |
| Topical term or geographic name entry element |
Counseling |
| General subdivision |
Religious aspects |
| -- |
Christianity. |
| 9 (RLIN) |
2312 |
| 650 #0 - SUBJECT ADDED ENTRY--TOPICAL TERM |
| Topical term or geographic name entry element |
Pastoral care. |
| 9 (RLIN) |
578 |
| 650 #0 - SUBJECT ADDED ENTRY--TOPICAL TERM |
| Topical term or geographic name entry element |
Pastoral psychology. |
| 9 (RLIN) |
176 |
| 700 1# - ADDED ENTRY--PERSONAL NAME |
| Personal name |
Appleby, David W., |
| Dates associated with a name |
1948- |
| Relator term |
editor of compilation. |
| 9 (RLIN) |
14420 |
| 700 1# - ADDED ENTRY--PERSONAL NAME |
| Personal name |
Ohlschlager, George W., |
| Dates associated with a name |
1951- |
| Relator term |
editor of compilation. |
| 9 (RLIN) |
14421 |
| 942 ## - ADDED ENTRY ELEMENTS (KOHA) |
| Source of classification or shelving scheme |
Dewey Decimal Classification |
| Koha item type |
Books |